Statistiques concernant Pokémons de Hoenn (3G)

Cliquez ici pour prendre le quiz!

Statistiques générales

  • Ce quiz a été pris 83 fois
  • Le résultat moyen est 87 sur 135

Statistiques - réponses

No.Pokémon% Correct
#252Arcko
100%
#257Braségali
100%
#256Galifeu
100%
#258Gobou
100%
#253Massko
100%
#255Poussifeu
100%
#383Groudon
96%
#254Jungko
96%
#382Kyogre
96%
#260Laggron
96%
#373Drattak
93%
#259Flobio
93%
#384Rayquaza
93%
#386Deoxys
91%
#265Chenipotte
89%
#371Draby
89%
#262Grahyèna
89%
#261Medhyèna
89%
#266Armulys
85%
#267Charmillon
85%
#378Regice
85%
#377Regirock
85%
#379Registeel
85%
#268Blindalys
84%
#385Jirachi
84%
#380Latias
84%
#381Latios
84%
#269Papinox
84%
#372Drackhaus
80%
#281Kirlia
80%
#264Linéon
80%
#276Nirondelle
80%
#280Tarsal
80%
#263Zigzaton
80%
#282Gardevoir
78%
#277Hélédelle
78%
#323Camérupt
76%
#376Métalosse
76%
#375Métang
76%
#349Barpau
73%
#310Élecsprint
73%
#279Bekipan
71%
#309Dynavolt
71%
#275Tengalice
71%
#321Wailord
71%
#278Goélise
69%
#274Pifeuil
69%
#320Wailmer
69%
#273Grainipiot
67%
#330Libégon
67%
#272Ludicolo
67%
#350Milobellus
67%
#270Nénupiot
67%
#287Parecool
67%
#319Sharpedo
67%
#328Kraknoix
65%
#318Carvanha
64%
#305Galegon
64%
#304Galekid
64%
#306Galeking
64%
#271Lombre
64%
#289Monaflèmit
64%
#355Skelénox
64%
#338Solaroc
64%
#288Vigoroth
64%
#312Négapi
62%
#311Posipi
62%
#359Absol
60%
#363Obalie
60%
#369Relicanth
60%
#337Séléroc
60%
#299Tarinor
60%
#356Téraclope
60%
#334Altaria
58%
#354Branette
58%
#366Coquiperl
58%
#365Kaimorse
58%
#353Polichombr
58%
#286Chapignon
56%
#324Chartor
56%
#297Hariyama
56%
#296Makuhita
56%
#364Phogleur
56%
#368Rosabyss
56%
#302Ténéfix
56%
#333Tylton
56%
#308Charmina
55%
#358Éoko
55%
#345Lilia
55%
#367Serpang
55%
#374Tehral
55%
#348Armaldo
53%
#285Balignon
53%
#293Chuchmur
53%
#362Oniglali
53%
#294Ramboum
53%
#336Séviper
53%
#361Stalgamin
53%
#357Tropius
53%
#295Brouhabam
51%
#341Écrapince
51%
#335Mangriff
51%
#307Méditikka
51%
#303Mysdibule
51%
#315Rosélia
51%
#347Anorith
49%
#343Balbuto
49%
#340Barbicha
49%
#339Barloche
49%
#344Kaorine
49%
#352Kecleon
49%
#370Lovdisc
49%
#346Vacilys
49%
#283Arakdo
47%
#331Cacnea
47%
#332Cacturne
47%
#284Maskadra
47%
#300Skitty
47%
#327Spinda
47%
#342Colhomard
44%
#301Delcatty
44%
#292Munja
44%
#291Ninjask
44%
#351Morphéo
42%
#290Ningale
42%
#314Lumivole
40%
#317Avaltout
38%
#316Gloupti
38%
#313Muciole
38%
#298Azurill
35%
#326Groret
35%
#360Okéoké
35%
#325Spoink
35%
#329Vibranif
27%
#322Charmallot
4%

Distribution des résultats

Percentile par nombre de réponses

% des personnes avec chaque résultat

Votre développement - résultats

Vous n’avez pas pris ce quiz